Diario de viaje de un filósofo / (Record no. 86555)

MARC details
000 -LEADER
campo de control de longitud fija 00639nam a2200193 i 4500
001 - NÚMERO DE CONTROL
campo de control 86555
003 - IDENTIFICADOR DE NÚMERO DE CONTROL
campo de control ES-MaACL
005 - FECHA Y HORA DE LA ÚLTIMA TRANSACCIÓN
campo de control 20250930063105.0
007 - CAMPO FIJO DE DESCRIPCIÓN FÍSICA--INFORMACIÓN GENERAL
campo de control de longitud fija t|
008 - DATOS DE LONGITUD FIJA--INFORMACIÓN GENERAL
campo de control de longitud fija 041213s1928 sp ||||1| spa d
100 1# - ENTRADA PRINCIPAL--NOMBRE DE PERSONA
Nombre de persona Keyserling, Hermann, Graf von,
Fechas asociadas al nombre 1880-1946
9 (RLIN) 67982
245 10 - MENCIÓN DEL TÍTULO
Título Diario de viaje de un filósofo /
Mención de responsabilidad, etc. Hermann Alexander Graf von Keyserling ; traducido del alemán, Manuel G. Morente.
260 ## - PUBLICACIÓN, DISTRIBUCIÓN, ETC.
Lugar de publicación, distribución, etc. Madrid :
Nombre del editor, distribuidor, etc. Espasa-Calpe,
Fecha de publicación, distribución, etc. 1928.
300 ## - DESCRIPCIÓN FÍSICA
Extensión v. ;
Dimensiones 22 cm.
500 ## - NOTA GENERAL
Nota general Son los vol. 1 y 2.
700 1# - ENTRADA AGREGADA--NOMBRE PERSONAL
Nombre de persona García Morente, Manuel,
Fechas asociadas al nombre 1886-1942
9 (RLIN) 55002
852 ## - LOCALIZACIÓN
Ubicación ES-MaACL
Número de control de estantería B-5202-3
Holdings
Estatus retirado Estado de pérdida Estado de daño No para préstamo Biblioteca de origen Biblioteca actual Ubicación en estantería Fecha de adquisición Fuente de adquisición Total de préstamos Signatura topográfica completa Código de barras Visto por última vez Precio de reemplazo Tipo de ítem Koha
        Biblioteca del Ateneo de Madrid Biblioteca del Ateneo de Madrid Sala Pardo Bazán 17/01/2008     B-5202-3 1090431 23/02/2023 23/02/2023 Libro impreso